| 000 | 00447nam a2200181Ia 4500 | ||
|---|---|---|---|
| 001 | 4089 | ||
| 003 | IVS | ||
| 005 | 20250626025607.0 | ||
| 008 | 211022s9999 xx 000 0 und d | ||
| 040 | _cIVS | ||
| 082 | _a741.6 TAN | ||
| 100 | _aTanya Shah | ||
| 245 | 0 | _aChai | |
| 260 | _bIndus Valley School | ||
| 260 | _c2000 | ||
| 856 | _uhttps://drive.google.com/file/d/15FLslzlYU6F7dwUHGfowAN9SxDekHXs3/view?usp=sharing | ||
| 942 |
_cDISS _n0 _2ddc |
||
| 999 |
_c5951 _d5951 |
||